Music and instruments for children to make

Shranjeno v:
Bibliografske podrobnosti
Main Authors: Hawkinson, John (Author), Faulhaber, Martha (Author)
Format: Knjiga
Jezik:angleščina
Izdano: Nueva York Scholastic Book Services 1969
Teme:
Oznake: Označite
Brez oznak, prvi označite!

MARC

LEADER 00000nam a2200000 a 4500
001 UCQ2122
003 CL-VaPUC
008 980721e19690000US |||||||||||||||||eng|d
082 0 4 |a 372.87  |b HAW  |2 21 
100 0 |a Hawkinson, John  |e author  |9 416044 
700 0 |a Faulhaber, Martha  |e author  |9 416045 
245 1 0 |a Music and instruments for children to make 
300 |a 47 p 
942 |c BK 
945 |d 19980721 00:00:00  |a crobeson 
260 |a Nueva York  |b Scholastic Book Services  |c 1969 
650 0 |a Educación musical   |9 310072 
650 7 |a JUEGOS CON MUSICA  |2 CL-VaPUC  |9 312263 
650 0 |a Juegos educativos  |9 307366 
650 0 |a Educación básica   |9 224933 
583 |a last modification  |c 19980721 00:00:00  |k Rodrigo Vera 
999 |c 272963  |d 272961 
952 |0 0  |1 0  |4 0  |6 372_870000000000000_HAW_1969  |7 0  |8 A  |9 308196  |a BIBEDU  |b BIBEDU  |d 2019-11-20  |i 1439278  |o 372.87 HAW 1969  |p 1439278  |r 2019-11-20  |w 2019-11-20  |y BK  |k LIT